000 00718nam a2200253Ia 4500
003 OSt
005 20220925225012.0
006 a|||||r|||| 00| 0
007 ta
008 220923b |||||||| |||| 00| 0 eng d
020 _a0415107113
037 _cGeneral Book
040 _aRTL
_cRTL
_beng
041 _2eng
_aeng
082 _aX:54.1(X).N9, N4
100 _aHelleiner G K Ed.
_991209
245 0 _aTrade policy and industrialization in turbulent times
260 _aLondon
_bRoutledge U. K.
_c1994
300 _axviii, 569p.
_ccm.
650 _a Economics
650 _aInternational Trade
942 _hX:54.1(X).N9, N4
_cGB
_2CC
999 _c582719
_d582719